000 00538nam a2200217Ia 4500
003 OSt
005 20220928141639.0
006 a|||||r|||| 00| 0
007 ta
008 220927b |||||||| |||| 00| 0 eng d
024 _a16492
037 _cTextual
040 _aSDCL
_cSDCL
_beng
041 _2eng
_aeng
082 _aO142,3N17,1, 152P2
100 _aRashidov Sharaf
_9413223
245 0 _aVijeta.
260 _c2002
942 _hO142,3N17,1, 152P2
_cTEXL
_2CC
999 _c818842
_d818842